<?xml version="1.0" encoding="UTF-8"?>
<record
    xmlns:xsi="http://www.w3.org/2001/XMLSchema-instance"
    xsi:schemaLocation="http://www.loc.gov/MARC21/slim http://www.loc.gov/standards/marcxml/schema/MARC21slim.xsd"
    xmlns="http://www.loc.gov/MARC21/slim">

  <leader>01051cam a22002414a 4500</leader>
  <controlfield tag="001">sa 68015027 </controlfield>
  <controlfield tag="003">DLC</controlfield>
  <controlfield tag="005">20260227112638.0</controlfield>
  <controlfield tag="008">890227m19671971ii a     b    000 0 hino </controlfield>
  <datafield tag="010" ind1=" " ind2=" ">
    <subfield code="a">sa 68015027 </subfield>
  </datafield>
  <datafield tag="040" ind1=" " ind2=" ">
    <subfield code="a">DLC</subfield>
    <subfield code="c">DLC</subfield>
  </datafield>
  <datafield tag="041" ind1="0" ind2=" ">
    <subfield code="a">hin</subfield>
    <subfield code="a">bra</subfield>
  </datafield>
  <datafield tag="050" ind1="0" ind2="0">
    <subfield code="a">PK1967.9.P37</subfield>
    <subfield code="b">P37 1967</subfield>
  </datafield>
  <datafield tag="100" ind1="0" ind2=" ">
    <subfield code="a">Para&#x15B;ur&#x101;madeva,</subfield>
    <subfield code="d">approximately 1530-approximately 1620.</subfield>
  </datafield>
  <datafield tag="245" ind1="1" ind2="0">
    <subfield code="a">Para&#x15B;ur&#x101;mas&#x101;gara /</subfield>
    <subfield code="c">Para&#x15B;ur&#x101;madeva kr&#x325;ta ; samp&#x101;daka eva&#x1E43; &#x15B;odhakart&#x101;, R&#x101;mapras&#x101;da &#x15A;arm&#x101;.</subfield>
  </datafield>
  <datafield tag="260" ind1=" " ind2=" ">
    <subfield code="a">Jayapura :</subfield>
    <subfield code="b">Kare&#x1E47;&#x1E6D;a Buka Kampan&#x12B;,</subfield>
    <subfield code="c">1967-1971.</subfield>
  </datafield>
  <datafield tag="300" ind1=" " ind2=" ">
    <subfield code="a">4 v. :</subfield>
    <subfield code="b">col. ill. ;</subfield>
    <subfield code="c">22 cm.</subfield>
  </datafield>
  <datafield tag="546" ind1=" " ind2=" ">
    <subfield code="a">In Hindi and Braj.</subfield>
  </datafield>
  <datafield tag="520" ind1=" " ind2=" ">
    <subfield code="a">Collection of the devotional Braj poet.</subfield>
  </datafield>
  <datafield tag="504" ind1=" " ind2=" ">
    <subfield code="a">Includes bibliographical references.</subfield>
  </datafield>
  <datafield tag="505" ind1="0" ind2=" ">
    <subfield code="a">1. kha&#x1E47;&#x1E0D;a. Para&#x15B;ur&#x101;ma-v&#x101;&#x1E47;&#x12B; : s&#x101;kh&#x12B;-grantha -- 2. kha&#x1E47;&#x1E0D;a. Para&#x15B;ur&#x101;ma-carit&#x101;valiy&#x101;m&#x310; : kavitta-grantha -- 3. kha&#x1E47;&#x1E0D;a. Para&#x15B;ur&#x101;ma-l&#x12B;l&#x101;e&#x1E43; : l&#x12B;l&#x101;-grantha -- 4. kha&#x1E47;&#x1E0D;a. Para&#x15B;ur&#x101;ma-pad&#x101;val&#x12B; : s&#x101;kh&#x12B;-grantha.</subfield>
  </datafield>
  <datafield tag="700" ind1="1" ind2=" ">
    <subfield code="a">&#x15A;arm&#x101;, R&#x101;mapras&#x101;da,</subfield>
    <subfield code="c">&#x1E0C;&#xF4;.</subfield>
  </datafield>
  <datafield tag="999" ind1=" " ind2=" ">
    <subfield code="c">86173</subfield>
    <subfield code="d">86173</subfield>
  </datafield>
</record>
